Características epidemiológicas asociadas a mortalidad materna por covid-19 en el departamento de Bolívar durante los años 2020-2022 / (Registro nro. 49007)

Detalles MARC
000 -LEADER
fixed length control field 01887nam a2200253 4500
005 - DATE AND TIME OF LATEST TRANSACTION
control field 20250616215330.0
008 - FIXED-LENGTH DATA ELEMENTS--GENERAL INFORMATION
fixed length control field 190415s2025 000 0 eng d
040 ## - CATALOGING SOURCE
Original cataloging agency CO-CtgCURN
Language of cataloging spa
Transcribing agency coctgcurn
082 0# - DEWEY DECIMAL CLASSIFICATION NUMBER
Classification number INQ 2025
Item number G643
100 1# - MAIN ENTRY--PERSONAL NAME
Personal name González Morelos, Brenda María.
245 10 - TITLE STATEMENT
Title Características epidemiológicas asociadas a mortalidad materna por covid-19 en el departamento de Bolívar durante los años 2020-2022 /
Statement of responsibility, etc. Brenda Maria Gonzalez Morelos; Maria Fernanda Jimenez Jimenez; Veronica Judith Martinez Saldarriaga; Maria Salome Rodriguez Monterrosa; Asesor: Jaime Alberto Lorduy Gomez.
260 ## - PUBLICATION, DISTRIBUTION, ETC.
Place of publication, distribution, etc. Cartagena de Indias :
Name of publisher, distributor, etc. Corporación Universitaria Rafael Nuñez,
Date of publication, distribution, etc. 2025.
300 ## - PHYSICAL DESCRIPTION
Extent 66 hojas.
504 ## - BIBLIOGRAPHY, ETC. NOTE
Bibliography, etc. note Trabajo de grado (Instrumentación quirúrgica). Corporación Universitaria Rafael Nuñez. Facultad de Ciencias de la Salud. Instrumentación Quirúrgica, 2025.
520 ## - SUMMARY, ETC.
Summary, etc. "La mortalidad materna, reconocida como indicador del nivel de desarrollo y del cumplimiento del derecho a una maternidad segura, se ha visto impactada significativamente por la pandemia de COVID-19. Este estudio tuvo como objetivo determinar las características epidemiológicas asociadas a la mortalidad materna por COVID-19 en el departamento de Bolívar durante los años 2020 a 2022"
650 #0 - SUBJECT ADDED ENTRY--TOPICAL TERM
Topical term or geographic name entry element Instrumentación quirúrgica
Form subdivision Tesis y disertaciones academicas.
700 1# - ADDED ENTRY--PERSONAL NAME
Personal name Jiménez Jiménez, Maria Fernanda.
700 1# - ADDED ENTRY--PERSONAL NAME
Personal name Martínez Saldarriaga, Verónica Judith.
700 1# - ADDED ENTRY--PERSONAL NAME
Personal name Rodríguez Monterrosa, Maria Salomé,
Relator term Asesor.
700 1# - ADDED ENTRY--PERSONAL NAME
Personal name Lorduy Gómez, Jaime Alberto,
Relator term Asesor.
856 ## - ELECTRONIC LOCATION AND ACCESS
Uniform Resource Identifier <a href="https://unicurn.sharepoint.com/:b:/s/biblioteca/EXNwM1A_9hpHg7OLdxQY_h0BTsO8O05sT0-HLPGSIdwxDQ?e=co6s0t">https://unicurn.sharepoint.com/:b:/s/biblioteca/EXNwM1A_9hpHg7OLdxQY_h0BTsO8O05sT0-HLPGSIdwxDQ?e=co6s0t</a>
Public note Click aqui para ver el recurso en texto completo
942 ## - ADDED ENTRY ELEMENTS (KOHA)
Source of classification or shelving scheme Dewey Decimal Classification
Koha item type Trabajos de grado
Classification part INQ 2025
Item part G643
Existencias
Withdrawn status Lost status Source of classification or shelving scheme Damaged status Not for loan Collection Home library Current library Shelving location Date acquired Source of acquisition Cost, normal purchase price Inventory number Total checkouts Full call number Barcode Date last seen Price effective from Koha item type
    Dewey Decimal Classification     Trabajos de grado Miguel Henríquez Emiliani Miguel Henríquez Emiliani Trabajo de grado 06/01/2019 El autor 350000.00 025499   INQ 2025 G643 025499 06/20/2019 06/20/2019 Trabajos de grado